000
00422nam a2200169Ia 4500
008
100917s9999 xx 000 0 und d
082
_b
4408
100
_a
भावे पु. भा.
245
_a
देव्हारा
260
_b
---
_c
1956
365
_b
3
520
_a
नाटक
630
_a
देव्हारा
650
_a
नाटक
730
_a
देव्हारा
942
_c
BOOK
999
_c
609802
_d
609799